000 00640nam a2200229Ia 4500
003 OSt
005 20221007073541.0
006 a|||||r|||| 00| 0
007 ta
008 221006b |||||||| |||| 00| 0 eng d
024 _a22,187
037 _cReference Collections
040 _aFLL
_cFLL
_beng
041 _2eng
_aeng
082 _aZ252qN79, N6
100 _aMalik P. L.
245 0 _aU.P. co-operative societies act and rules
260 _aLucknow
_bEastern Book Company India
_c1996
300 _axvi,359p
_ccm.
942 _hZ252qN79, N6
_cREF
_2CC
999 _c1149102
_d1149102